Relaciones humanas /

Guardado en:
Autor Principal: Castro, Angel A.
Formato: Libro
Publicado: Buenos Aires : Troquel, 1975
Edición:8a. ed.
Materias:
Etiquetas: Agregar Etiqueta
Sin Etiquetas, Sea el primero en etiquetar este registro!
LEADER 00556nam a22001935a 4500
001 CEM.cems007181
005 20060214000000.0
008 130507s1975##################000#0#####d
003 CEMS
082 0 4 |a 150.13 
100 1 |a Castro, Angel A. 
245 1 0 |a Relaciones humanas / 
250 |a 8a. ed. 
260 |a Buenos Aires :  |b Troquel,  |c 1975 
300 |a 162 p. 
653 |a Psicología 
653 |a Relaciones humanas 
859 |a CEMS  |b BIB. CEMS - 11 de abril  |h 150.13  |i C864a8  |p 6069.77  |t Ej.1 
859 |a CEMS  |b BIB. CEMS - 11 de abril  |h 150.13  |i C864a8  |p 6070.77  |t Ej.2